Procesný prístup k marketingovému výskumu podľa zásad manažérstva kvality

Procesný prístup v manažérstve kvality. Procesný prístup k marketingovému výskumu. Nové trendy v metódach marketingového výskumu.

Saved in:
Bibliographic Details
Main Author: Šalgovičová, Jana
Other Authors: Paulová, Iveta
Format: Book Chapter
Language:Slovak
Subjects:
Tags: Add Tag
No Tags, Be the first to tag this record!

MARC

LEADER 00000naa a2200000 4500
001 r046478
005 20231002070244.2
041 0 |a slo 
044 |a SK 
245 1 0 |a Procesný prístup k marketingovému výskumu podľa zásad manažérstva kvality  |c Jana Šalgovičová, Iveta Paulová 
520 |a Procesný prístup v manažérstve kvality. Procesný prístup k marketingovému výskumu. Nové trendy v metódach marketingového výskumu. 
610 2 0 |a riadenie vrcholové 
610 2 0 |a riadenie kvality 
610 2 0 |a manažment 
610 2 0 |a výskum trhu 
610 2 0 |a informácie 
610 2 0 |a marketing manažment 
610 2 0 |a spracovanie dát 
610 2 0 |a proces informačný 
610 2 0 |a rozhodovanie manažérske 
100 1 |a Šalgovičová, Jana 
700 1 |a Paulová, Iveta